Guess the Olivia Rodrigo Song with No Hints - 6 - Statistics

General Stats
  • This quiz has been taken 285 times
  • The average score is 196 of 279
Answer Stats
% Correct
I
96%
you
93%
a
92%
me
86%
We
84%
Your
84%
your
84%
be
83%
do
82%
so
82%
So
82%
the
82%
love
80%
An
79%
you're
78%
go
77%
know
77%
on
77%
But
76%
but
76%
her
76%
like
76%
Like
76%
to
76%
And
75%
were
75%
are
74%
happy
74%
I'm
74%
don't
73%
no
73%
she
73%
She
73%
when
73%
who
72%
hope
71%
in
71%
my
71%
with
71%
broke
70%
can't
70%
happier
70%
how
70%
girl
69%
it
69%
month
69%
not
69%
One
69%
one
69%
someone
69%
up
69%
ago
67%
all
67%
better
67%
friends
67%
let
67%
mine
67%
of
67%
was
67%
she's
66%
You've
66%
you've
66%
ever
64%
find
63%
moved
63%
new
63%
pretty
63%
selfish
63%
beautiful
61%
great
61%
just
61%
Just
61%
loved
61%
out
61%
tell
61%
about
60%
heart
60%
Oh
60%
kind
59%
said
59%
seen
59%
think
59%
mean
58%
more
58%
most
58%
never
58%
brings
57%
Does
57%
forgot
55%
now
55%
thought
55%
butterflies
54%
gives
54%
looks
54%
bullshit
53%
found
53%
probably
52%
believed
51%
first
51%
Remember
51%
sweet
51%
you'll
50%
apart
49%
our
49%
Say
49%
best
48%
eternal
48%
From
48%
hands
47%
past
46%
baby
45%
make
45%
meant
45%
down
43%
pickin'
43%
wish
43%
sunlight
42%
really
41%
miss
40%
detached
39%
cuttin'
37%
Ooh
37%
ooh
37%
wretched
36%
fondly
31%
will
30%
No matching quizzes found
Score Distribution
Percent of People with Each Score
Percentile by Number Answered
Your Score History
You have not taken this quiz